Organismos electorales, transparencia y legitimidad democrática /
Sábháilte in:
| Príomhchruthaitheoir: | |
|---|---|
| Formáid: | Téacs |
| Clibeanna: |
Cuir clib leis
Níl clibeanna ann, Bí ar an gcéad duine le clib a chur leis an taifead seo!
|
MARC
| LEADER | 00000 a a2200000 04500 | ||
|---|---|---|---|
| 001 | 47036 | ||
| 003 | |||
| 040 | |||
| 100 | |a Molina V., José Enrique | ||
| 245 | |a Organismos electorales, transparencia y legitimidad democrática / |c José Entique Molina V. | ||
| 773 | |g número19, (1997), páginas 11-22 : tabla | ||
| 999 | |c 20659 |d 20659 | ||
